Statistiques concernant 15 principaux pays touchés par Covid-19 - 4 mai 2021

Cliquez ici pour prendre le quiz!

Statistiques générales

  • Ce quiz a été pris 33 fois
  • Le résultat moyen est 16 sur 28

Statistiques - réponses

pays% Correct
Etats-Unis
96%
France
96%
Brésil
93%
Allemagne
89%
Espagne
89%
Inde
86%
Italie
86%
Russie
86%
Mexique
79%
Royaume-Uni
79%
Belgique
75%
Portugal
75%
Argentine
68%
Pologne
64%
Pays-Bas
61%
Turquie
61%
Suède
57%
Colombie
50%
Iran
36%
Estonie
25%
Lituanie
25%
Tchèquie
21%
Israël
18%
Hongrie
14%
Croatie
11%
Panama
11%
Slovénie
7%
Bahreïn
4%

Distribution des résultats

Percentile par nombre de réponses

% des personnes avec chaque résultat

Votre développement - résultats

Vous n’avez pas pris ce quiz